Famiglia e questioni etiche (Record n. 211282)
[ formato base ]
| 000 -LEADER | |
|---|---|
| campo di controllo lung. fissa | 01438nam a2200241Ia 4500 |
| 001 - Numero di controllo | |
| campo di controllo | b5822-39783 |
| 003 - Identificatore del numero di controllo | |
| campo di controllo | IT-MiCISF |
| 005 - Data e orario dell'ultima transazione | |
| campo di controllo | 20230306122136.0 |
| 008 - Elementi di lunghezza fissa--Informazione generale | |
| campo di controllo lung. fissa | 161014s9999||||xx |||||||||||||| ||und|| |
| 040 ## - Fonte della catalogazione | |
| Agenzia catalografica originale | IT-MiCISF |
| Agenzia che fa la trascrizione | IT-MiCISF |
| 041 ## - Codice di lingua | |
| Codice di lingua del testo/traccia sonora o titolo separato | it |
| 100 ## - Accesso principale -- nome di persona | |
| Nome di persona | Pontificio Consiglio per la Famiglia |
| 9 (RLIN) | 59582 |
| 245 #0 - Formulazione del titolo | |
| Titolo | Famiglia e questioni etiche |
| 260 ## - Pubblicazione, distribuzione, ecc. (stampa) | |
| Luogo di pubblicazione, distribuzione, ecc. | Bologna, |
| Nome dell'editore, distributore, ecc. | Dehoniane, |
| Data di pubblicazione, distribuzione, ecc. | 2004 |
| 300 ## - Descrizione fisica | |
| Estensione | pp. 592 |
| 500 ## - Nota generale | |
| Nota generale | pastorale-familiare, magistero, famiglia, divorzio, procreazione-responsabile, sessualità, contraccezione, procreazione-artificiale, etica, società, bioetica / |
| 520 ## - Riassunto, ecc. | |
| Nota di riassunto, ecc. | Da più di dieci anni il Pontificio Consiglio per la Famiglia tiene in diverse parti del mondo dei corsi per i vescovi su temi di sua competenza. A questi corsi hanno partecipato più di 1200 vescovi. Il volume tratta parte dei materiali ivi proposti, raggruppati in sei grandi aree: matrimonio; famiglia e amore coniugale; famiglia e sessualità; famiglia e procreazione; famiglia e figli; famiglia e società; famiglia e questioni di etica. |
| 650 ## - Accesso aggiunto di soggetto--termine topico | |
| Termine topico o nome geografico come accesso | pastorale-familiare |
| Termine di ruolo | 012 |
| 9 (RLIN) | 56039 |
| 654 ## - Accesso aggiunto di soggetto--termini topici faccettati | |
| Termine principale | saggio |
| 700 ## - Accesso aggiunto--nome di persona | |
| Nome di persona | Lopez Trujillo A., Caffarra C., Gil Hellin F., Anatrella T., Tettamanzi D., Sgreccia E., Di Pietro M.L., Elliott P., Di Felice F., Fernandez F.C., Suaudeau J., Kaszak G., |
| -- | D'Agostino F., Schooyans M., Dumont G.F., Gomez F.B., Carrasco de Paula I. |
| 9 (RLIN) | 59583 |
| 942 ## - Dati aggiuntivi (Koha) | |
| Tipo copia default (Koha) | LIBRO |
| Fonte della classificazione o dello schema di collocazione (segnatura) | Dewey Decimal Classification |
| 999 ## - Sys Number locale (Koha) | |
| Koha Dewey Subclass [OBSOLETE] | si |
| Ritirato (status) | Perso (status) | Danneggiato (status) | Non per il presito | Biblioteca proprietaria | Biblioteca in cui si trova | Data d'acquisizione | Totale prestiti | Collocazione | Data ultima operazione | Prezzo in vigore dal | Tipo copia default (Koha) | Nota pubblica |
|---|---|---|---|---|---|---|---|---|---|---|---|---|
| Buone Condizioni | Not For Loan | CISF - Milano | CISF - Milano | 14/10/2016 | b5822-39783 | 14/10/2016 | 14/10/2016 | LIBRO | Data import 15.10.2016 / by Epidotti, Vaglietti |